El paraiso perdido (Record no. 156182)

MARC details
000 -LEADER
campo de control de longitud fija 01010nam a22002295i 4500
001 - NÚMERO DE CONTROL
campo de control 156182
003 - IDENTIFICADOR DE NÚMERO DE CONTROL
campo de control ES-MaACL
005 - FECHA Y HORA DE LA ÚLTIMA TRANSACCIÓN
campo de control 20230906210335.0
008 - DATOS DE LONGITUD FIJA--INFORMACIÓN GENERAL
campo de control de longitud fija 020409s1898 sp |||| | spa d
040 ## - FUENTE DE CATALOGACIÓN
Centro catalogador/agencia de origen CAM
Lengua de catalogación spa
Centro/agencia transcriptor CAM
100 1# - ENTRADA PRINCIPAL--NOMBRE DE PERSONA
Nombre de persona Jackson Veyán, José.
9 (RLIN) 65824
245 13 - MENCIÓN DEL TÍTULO
Título El paraiso perdido
Resto del título : bufonada cómico-lírica en un acto y tres cuadros /
Mención de responsabilidad, etc. original de José Jackson Veyán y Gabriel Merino; música de Rubio y Estellés.
260 ## - PUBLICACIÓN, DISTRIBUCIÓN, ETC.
Lugar de publicación, distribución, etc. Madrid :
Nombre del editor, distribuidor, etc. [s.n.],
Fecha de publicación, distribución, etc. 1898 (
Fabricante R. Velasco imp.)
300 ## - DESCRIPCIÓN FÍSICA
Extensión 40, [3] p. ;
Dimensiones 20 cm.
500 #1 - NOTA GENERAL
Nota general Representada en el Teatro Eldorado de Madrid, la noche del 17 de junio de 1898.
596 #1 - NOTA AL PIE DE IMPRENTA
NOTA AL PIE DE IMPRENTA En verso de la antep. consta: "... galerías de Fiscowich y Arregui y Aruej ..."
700 11 - ENTRADA AGREGADA--NOMBRE PERSONAL
Nombre de persona Merino, Gabriel.
9 (RLIN) 129854
700 11 - ENTRADA AGREGADA--NOMBRE PERSONAL
Nombre de persona Rubio, Angel,
Término indicativo de función/relación
9 (RLIN) 100337
700 11 - ENTRADA AGREGADA--NOMBRE PERSONAL
Nombre de persona Estellés, Ramón,
Término indicativo de función/relación
9 (RLIN) 126973
752 ## - ENTRADA AGREGADA--NOMBRE JERÁRQUICO DEL LUGAR
País o entidad superior España -
Ciudad Madrid
852 ## - LOCALIZACIÓN
Ubicación ES-MaACL
Número de control de estantería F-4096(2)
Nota libre -- Enc. hol.
condición física -- Falto de la cub. original
Nota libre -- Enc. en un vol. facticio
Holdings
Estatus retirado Estado de pérdida Estado de daño No para préstamo Colección Biblioteca de origen Biblioteca actual Ubicación en estantería Fecha de adquisición Fuente de adquisición Total de préstamos Signatura topográfica completa Código de barras Visto por última vez Precio de reemplazo Tipo de ítem Koha
        Libros del s. XIX Biblioteca del Ateneo de Madrid Biblioteca del Ateneo de Madrid Depósito 2 17/01/2008     F-4096(2) 1163394 23/02/2023 23/02/2023 Libro impreso antiguo